Foundations of education : (Record no. 2174)

MARC details
000 -LEADER
fixed length control field 00756cam a22002292 4500
001 - CONTROL NUMBER
control field 0000003595
005 - DATE AND TIME OF LATEST TRANSACTION
control field 20151217145737.0
008 - FIXED-LENGTH DATA ELEMENTS--GENERAL INFORMATION
fixed length control field 070510s xx 000 0 eng d
020 ## - INTERNATIONAL STANDARD BOOK NUMBER
International Standard Book Number 020527270093 :
040 ## - CATALOGING SOURCE
Original cataloging agency KABU
Transcribing agency KABU
050 #0 - LIBRARY OF CONGRESS CALL NUMBER
Classification number LB1775.2
Item number .M33 1998
100 1# - MAIN ENTRY--PERSONAL NAME
Personal name McNergney, Robert F.
-- 0000153612
245 10 - TITLE STATEMENT
Title Foundations of education :
Remainder of title the challenge of professional practice /
Statement of responsibility, etc. Robert F. McNergney, Joanne M. Herbert.
250 ## - EDITION STATEMENT
Edition statement 2nd ed.
260 ## - PUBLICATION, DISTRIBUTION, ETC. (IMPRINT)
Place of publication, distribution, etc. Boston :
Name of publisher, distributor, etc. Allyn & Bacon,
Date of publication, distribution, etc. 1998.
300 ## - PHYSICAL DESCRIPTION
Extent xix, 588 p.
650 #0 - SUBJECT ADDED ENTRY--TOPICAL TERM
Topical term or geographic name as entry element Teaching
General subdivision Vocational guidance.
Geographic subdivision United States.
-- 0000153605
700 1# - ADDED ENTRY--PERSONAL NAME
Personal name Herbert, Joanne M.
-- 0000153613
908 ## - PUT COMMAND PARAMETER (RLIN)
Put command parameter 070510
950 ## - LOCAL HOLDINGS (RLIN)
-- 1
Holdings
Withdrawn status Lost status Source of classification or shelving scheme Not for loan Home library Current library Date acquired Total Checkouts Total Renewals Full call number Barcode Date last seen Date last checked out Price effective from Koha item type
    Library of Congress Classification   Kabarak, Main Campus Kabarak, Main Campus 17/12/2015 5 1 LB1775.2 .M33 1998 007643 03/03/2020 03/03/2020 17/12/2015 General Collection
Designed with assistance from East African Informatics Ltd